[Event "Washington op 2nd"]
[Site "Rockville"]
[Date "2013.08.09"]
[Round "7"]
[White "Adithya, B."]
[Black "Paikidze, Nazi"]
[Result "1-0"]
[WhiteElo "2311"]
[BlackElo "2377"]
[PlyCount "61"]
[EventDate "2013.08.06"]
[EventType "swiss"]
[EventRounds "9"]
[EventCountry "USA"]
[SourceTitle "EXT 2014"]
[Source "ChessBase"]
[SourceDate "2013.11.20"]
[SourceVersion "1"]
[SourceVersionDate "2013.11.20"]
[SourceQuality "1"]

1. Nf3 Nf6 2. g3 b6 3. Bg2 Bb7 4. d3 d5 5. Nbd2 e6 6. 0-0 g6 7. e4 Bg7 8. Re1 0-0 9. e5 Nfd7 10. Nf1 c5 11. h4 Nc6 12. Bf4 f6 13. exf6 Qxf6 14. Ng5 Nd8 15. Qg4 h5 16. Qh3 Re8 17. c4 Qf5 18. Qh1 Qxd3 19. cxd5 e5 20. Be4 Qd4 21. Be3 Qb4 22. Bxg6 Rf8 23. Bxh5 e4 24. Bg6 Bxd5 25. Rad1 Nf6 26. Qh3 Bxa2 27. h5 Bh6 28. Nxe4 Be6 29. Nxf6+ Rxf6 30. Qg2 Bxe3 31. Nxe3 1-0

[Event "Washington op 2nd"]
[Site "Rockville"]
[Date "2013.08.08"]
[Round "6"]
[White "Shetty, Atulya"]
[Black "Adithya, B."]
[Result "1/2-1/2"]
[WhiteElo "2341"]
[BlackElo "2311"]
[PlyCount "109"]
[EventDate "2013.08.06"]
[EventType "swiss"]
[EventRounds "9"]
[EventCountry "USA"]
[SourceTitle "EXT 2014"]
[Source "ChessBase"]
[SourceDate "2013.11.20"]
[SourceVersion "1"]
[SourceVersionDate "2013.11.20"]
[SourceQuality "1"]

1. c4 g6 2. g3 Nf6 3. Bg2 Bg7 4. Nc3 0-0 5. e4 d6 6. Nge2 c5 7. 0-0 Nc6 8. d3 Ne8 9. Be3 Nd4 10. h3 Nc7 11. f4 Rb8 12. Qd2 b5 13. Rae1 a5 14. Kh2 Ba6 15. b3 Bc8 16. cxb5 Ncxb5 17. Nxb5 Rxb5 18. f5 a4 19. Nc3 Rb8 20. Nxa4 Ba6 21. Nb2 Nc6 22. Bh6 Qa5 23. Qxa5 Nxa5 24. Bxg7 Kxg7 25. e5 gxf5 26. Rxf5 Bb7 27. exd6 exd6 28. Bd5 Bxd5 29. Rxd5 Rfe8 30. Re4 Rxe4 31. dxe4 Re8 32. Rxd6 Rxe4 33. Rd2 c4 34. Nxc4 Nxc4 35. bxc4 Rxc4 36. a3 Ra4 37. Ra2 f5 38. Kg2 h5 39. h4 Kf6 40. Kf3 Ke5 41. Re2+ Kf6 42. Re3 Kg6 43. Rb3 Kf6 44. Ke2 Ke5 45. Rf3 Ra8 46. Kd2 f4 47. gxf4+ Kf5 48. Rg3 Ra4 49. Rf3 Kg4 50. Ke2 Re4+ 51. Kf2 Rc4 52. Rb3 Kxh4 53. Kf3 Rc1 54. a4 Rf1+ 55. Kg2 1/2-1/2

[Event "Washington op 2nd"]
[Site "Rockville"]
[Date "2013.08.07"]
[Round "4"]
[White "Li, Ruifeng"]
[Black "Adithya, B."]
[Result "1-0"]
[WhiteElo "2246"]
[BlackElo "2311"]
[PlyCount "111"]
[EventDate "2013.08.06"]
[EventType "swiss"]
[EventRounds "9"]
[EventCountry "USA"]
[SourceTitle "EXT 2014"]
[Source "ChessBase"]
[SourceDate "2013.11.20"]
[SourceVersion "1"]
[SourceVersionDate "2013.11.20"]
[SourceQuality "1"]

1. e4 e5 2. Nf3 Nc6 3. Bb5 a6 4. Ba4 Nf6 5. 0-0 Be7 6. Re1 b5 7. Bb3 0-0 8. h3 Bb7 9. d3 d6 10. c3 Na5 11. Bc2 c5 12. Nbd2 Re8 13. Nf1 Bf8 14. Ng3 g6 15. Be3 Bg7 16. Qd2 Qe7 17. Bh6 Qf8 18. Bxg7 Qxg7 19. a4 Nc6 20. Bb3 b4 21. a5 Rab8 22. Bc4 h6 23. Qe3 Nd7 24. Nh2 Kh7 25. Rf1 bxc3 26. bxc3 Ne7 27. f4 d5 28. exd5 Nxd5 29. Bxd5 Bxd5 30. f5 Rb2 31. Rf2 Reb8 32. Ng4 h5 33. f6 Qf8 34. Nxh5 gxh5 35. Rf5 Rxg2+ 36. Kf1 Rxg4 37. hxg4 Nxf6 38. Rxf6 Qg7 39. g5 e4 40. c4 Bb7 41. Qf4 Rf8 42. Rb1 Bc8 43. dxe4 Kg8 44. Kf2 Bg4 45. Rb7 Be6 46. e5 Bc8 47. Rc7 Be6 48. g6 Qxg6 49. Rxg6+ fxg6 50. Qxf8+ Kxf8 51. Rxc5 Bd7 52. Rc7 Ke8 53. c5 Kd8 54. Ra7 Bc8 55. Rg7 Bf5 56. Kg3 1-0

[Event "Quebec-ch op"]
[Site "Montreal"]
[Date "2013.07.26"]
[Round "7"]
[White "Wang, Richard"]
[Black "Adithya, B."]
[Result "1-0"]
[WhiteElo "2377"]
[BlackElo "2301"]
[PlyCount "103"]
[EventDate "2013.07.21"]
[EventType "swiss"]
[EventRounds "9"]
[EventCountry "CAN"]
[SourceTitle "EXT 2014"]
[Source "ChessBase"]
[SourceDate "2013.11.20"]
[SourceVersion "1"]
[SourceVersionDate "2013.11.20"]
[SourceQuality "1"]

1. d4 Nf6 2. Nf3 g6 3. c4 Bg7 4. Nc3 0-0 5. e4 d6 6. h3 e5 7. d5 a5 8. Bg5 Na6 9. Be2 Qe8 10. g4 Nd7 11. Rg1 Ndc5 12. h4 Bd7 13. Qd2 Nb4 14. Be3 Ba4 15. Rc1 Nxa2 16. Nxa2 Nxe4 17. Qd3 Nc5 18. Qa3 Nb3 19. Rc3 e4 20. Nd2 Nd4 21. Bxd4 Bxd4 22. Re3 Bc2 23. Rgg3 Qe5 24. Nc3 Bc5 25. Qa2 f5 26. gxf5 Bxe3 27. Rxe3 gxf5 28. Nf3 Qg7 29. Ng5 f4 30. Rxe4 Bxe4 31. Ncxe4 f3 32. Bd3 Rf4 33. Kd2 Rxh4 34. Ne6 Qh6+ 35. Kc2 Rh1 36. N4g5 Qh4 37. Ne4 Qh6 38. Qa4 Qc1+ 39. Kb3 b5 40. Nf6+ Kf7 41. cxb5 h6 42. Nxc7 Qd2 43. Qe4 Qd1+ 44. Kc3 Qc1+ 45. Bc2 Qe1+ 46. Qxe1 Rxe1 47. Nxa8 Kxf6 48. Nc7 Ke7 49. b6 Kd8 50. Bf5 Re5 51. Be6 Rg5 52. Ne8 1-0

[Event "Quebec-ch op"]
[Site "Montreal"]
[Date "2013.07.22"]
[Round "3"]
[White "Song, Michael"]
[Black "Adithya, B."]
[Result "1-0"]
[WhiteElo "2242"]
[BlackElo "2301"]
[PlyCount "87"]
[EventDate "2013.07.21"]
[EventType "swiss"]
[EventRounds "9"]
[EventCountry "CAN"]
[SourceTitle "EXT 2014"]
[Source "ChessBase"]
[SourceDate "2013.11.20"]
[SourceVersion "1"]
[SourceVersionDate "2013.11.20"]
[SourceQuality "1"]

1. d4 Nf6 2. c4 g6 3. Nc3 d5 4. Nf3 Bg7 5. Qb3 dxc4 6. Qxc4 0-0 7. e4 a6 8. Be2 b5 9. Qb3 c5 10. dxc5 Be6 11. Qc2 Nbd7 12. Be3 Rc8 13. Rd1 b4 14. Nd5 Bxd5 15. exd5 Nxc5 16. 0-0 Qa5 17. Bc4 Nce4 18. Qe2 Nd6 19. Bb3 Qb5 20. Rfe1 Nd7 21. Bg5 Qxe2 22. Rxe2 Bf6 23. Rxe7 Bxg5 24. Rxd7 Ne4 25. Nxg5 Nxg5 26. f3 h5 27. Re7 h4 28. f4 Nh7 29. d6 Kg7 30. d7 Rcd8 31. Rd6 a5 32. Ba4 Nf6 33. Rd1 Ra8 34. Rde1 Rfd8 35. Re8 Nxd7 36. Bxd7 Kf6 37. g3 g5 38. fxg5+ Kxg5 39. Bc6 Rxe8 40. Rxe8 Ra6 41. Bf3 a4 42. Re4 hxg3 43. hxg3 a3 44. Rxb4 1-0

[Event "Quebec-ch op"]
[Site "Montreal"]
[Date "2013.07.21"]
[Round "2"]
[White "Adithya, B."]
[Black "Arencibia Rodriguez, Walter"]
[Result "0-1"]
[WhiteElo "2301"]
[BlackElo "2526"]
[PlyCount "116"]
[EventDate "2013.07.21"]
[EventType "swiss"]
[EventRounds "9"]
[EventCountry "CAN"]
[SourceTitle "EXT 2014"]
[Source "ChessBase"]
[SourceDate "2013.11.20"]
[SourceVersion "1"]
[SourceVersionDate "2013.11.20"]
[SourceQuality "1"]

1. g3 d5 2. Nf3 Nc6 3. Bg2 e5 4. 0-0 Nf6 5. c4 dxc4 6. Qa4 Bd6 7. Na3 0-0 8. Nxc4 e4 9. Ng5 b5 10. Qxb5 Nd4 11. Qa5 Nxe2+ 12. Kh1 Rb8 13. Qxa7 Bf5 14. Re1 Ra8 15. Qe3 Nxc1 16. Nxd6 Nd3 17. Ndxe4 Nxe1 18. Rxe1 Nxe4 19. Nxe4 Rxa2 20. Qc3 Qb8 21. b3 Qb6 22. Ng5 Bg6 23. Kg1 Rc2 24. Qe3 Qb4 25. Nf3 Rb2 26. Qe5 Rxb3 27. Qxc7 Bh5 28. Ng5 Qxd2 29. Qe7 Rb2 30. Rf1 h6 31. Ne4 Qd4 32. h3 Be2 33. Re1 Bb5 34. Qd6 Rd8 35. Qf4 Qb4 36. Rc1 Rb1 37. Kh2 Bd3 38. Rd1 Rd4 39. Qg4 Rxe4 40. Qc8+ Qf8 41. Qxf8+ Kxf8 42. Rxd3 Re2 43. Rf3 g5 44. Rf5 Ke7 45. Bd5 f6 46. Kg2 Re5 47. Rxe5+ fxe5 48. Kf3 Kd6 49. Be4 Re1 50. Bg6 Kd5 51. Bh5 Kd4 52. Kg2 Kd3 53. Bg6+ Kd2 54. Kf3 Rf1 55. Ke4 Rxf2 56. Kxe5 Rf3 57. h4 Rxg3 58. h5 Rf3 0-1

[Event "Arlington DC op 1st"]
[Site "Arlington"]
[Date "2013.07.01"]
[Round "9"]
[White "Mandizha, Farai"]
[Black "Adithya, B."]
[Result "1/2-1/2"]
[WhiteElo "2415"]
[BlackElo "2301"]
[PlyCount "138"]
[EventDate "2013.06.27"]
[EventType "swiss"]
[EventRounds "9"]
[EventCountry "USA"]
[SourceTitle "CBM 155 Extra"]
[Source "ChessBase"]
[SourceDate "2013.08.26"]
[SourceVersion "1"]
[SourceVersionDate "2013.08.26"]
[SourceQuality "1"]

1. d4 Nf6 2. c4 g6 3. Nc3 d5 4. g3 Bg7 5. Bg2 dxc4 6. Qa4+ Nfd7 7. e3 0-0 8. Qxc4 Nb6 9. Qb3 c5 10. dxc5 N6d7 11. Ne4 Ne5 12. Nf3 Be6 13. Qc2 Nd3+ 14. Kf1 Nc6 15. a3 Na5 16. Nd4 Bc4 17. Kg1 Ne1 18. Qc3 Nxg2 19. Kxg2 Bd5 20. f3 e5 21. Nc2 f5 22. Nd6 e4 23. Qd2 exf3+ 24. Kf2 Be6 25. Nd4 Bxd4 26. Qxd4 Nb3 27. Qe5 Qf6 28. Qxf6 Rxf6 29. e4 Nxc5 30. Bg5 Rff8 31. exf5 Bd5 32. Rad1 Ne4+ 33. Nxe4 Bxe4 34. fxg6 hxg6 35. Rhe1 Rfe8 36. Rd6 Rac8 37. Rxe4 Rxe4 38. Rxg6+ Kf7 39. Rf6+ Kg8 40. Kxf3 Re1 41. Kg4 Re2 42. h4 Rxb2 43. Rf3 a5 44. Kh5 a4 45. g4 Rcc2 46. Kg6 Rf2 47. Rd3 Rb6+ 48. Kh5 Rf7 49. Rd8+ Rf8 50. Rd5 Kg7 51. Rd7+ Rf7 52. Rd4 Rf8 53. Rd7+ Rf7 54. Rd4 Rb5 55. Rd6 Rc5 56. Rg6+ Kf8 57. Rd6 Rf3 58. Kg6 Rc6 59. Rxc6 bxc6 60. h5 Kg8 61. h6 Rh3 62. Be7 Rh1 63. g5 Rh3 64. Bd6 Rh1 65. Bc5 Rh4 66. Bd6 Rh1 67. Be7 Rh3 68. Bc5 Rh4 69. Bd6 Rh1 1/2-1/2

[Event "Arlington DC op 1st"]
[Site "Arlington"]
[Date "2013.06.30"]
[Round "8"]
[White "Adithya, B."]
[Black "Panchanathan, Magesh Chandran"]
[Result "0-1"]
[WhiteElo "2301"]
[BlackElo "2570"]
[PlyCount "86"]
[EventDate "2013.06.27"]
[EventType "swiss"]
[EventRounds "9"]
[EventCountry "USA"]
[SourceTitle "CBM 155 Extra"]
[Source "ChessBase"]
[SourceDate "2013.08.26"]
[SourceVersion "1"]
[SourceVersionDate "2013.08.26"]
[SourceQuality "1"]

1. g3 e5 2. c4 Nf6 3. Nc3 d5 4. cxd5 Nxd5 5. Bg2 Nb6 6. Nf3 Nc6 7. 0-0 Be7 8. d3 0-0 9. a3 Be6 10. b4 a6 11. Bb2 f6 12. Rc1 Qc8 13. Ne4 Rd8 14. Qc2 Kh8 15. Rfd1 Bd5 16. d4 Nc4 17. dxe5 Nxb2 18. exf6 Bxe4 19. Rxd8+ Bxd8 20. fxg7+ Kxg7 21. Qxe4 Bf6 22. Rc5 Qe8 23. Qg4+ Kh8 24. Ng5 Qg8 25. Qh5 Rf8 26. Be4 Bxg5 27. Rxg5 Qf7 28. f4 Qxh5 29. Rxh5 Re8 30. Bxh7 Kg7 31. e4 Ne7 32. b5 c6 33. bxa6 bxa6 34. g4 Nd3 35. f5 Nf4 36. Rh4 Kf6 37. Kf2 Kg5 38. Kg3 Rb8 39. Bg8 Nxg8 40. Rh7 Rb3+ 41. Kf2 Nf6 42. h4+ Kxg4 43. Re7 Rb2+ 0-1

[Event "Las Vegas National op"]
[Site "Las Vegas"]
[Date "2013.06.08"]
[Round "4"]
[White "Adithya, B."]
[Black "Panchanatham, Vignesh"]
[Result "1-0"]
[WhiteElo "2298"]
[BlackElo "2069"]
[PlyCount "181"]
[EventDate "2013.06.07"]
[EventType "swiss"]
[EventRounds "6"]
[EventCountry "USA"]
[SourceTitle "CBM 154 Extra"]
[Source "ChessBase"]
[SourceDate "2013.06.25"]
[SourceVersion "2"]
[SourceVersionDate "2013.06.25"]
[SourceQuality "1"]

1. e4 e6 2. d3 d5 3. Nd2 c5 4. Ngf3 Nc6 5. g3 g6 6. Bg2 Bg7 7. 0-0 Nge7 8. Re1 Qc7 9. Qe2 b6 10. Rb1 a5 11. h4 Ba6 12. a3 0-0-0 13. exd5 Nxd5 14. h5 Nf6 15. b4 cxb4 16. axb4 Nd5 17. Ne4 Ncxb4 18. h6 Bc3 19. Rf1 Rhe8 20. Rb3 Bh8 21. c4 f5 22. cxd5 fxe4 23. Qxe4 exd5 24. Qg4+ Kb7 25. Bg5 Qd7 26. Qh4 Bxd3 27. Bh3 Qd6 28. Rc1 Bc4 29. Bxd8 Rxd8 30. Re3 Bf6 31. Qg4 d4 32. Ree1 Bf7 33. Ng5 Bxg5 34. Qxg5 Nc6 35. Bg2 Bd5 36. Bf1 Rf8 37. Bb5 Rf7 38. Re8 Qd7 39. Rce1 Rf5 40. Qg4 Bf3 41. R1e7 Qxe7 42. Rxe7+ Nxe7 43. Qh4 Rxb5 44. Qxe7+ Ka6 45. g4 Bxg4 46. Qxh7 d3 47. Qg8 Bf3 48. Qc8+ Bb7 49. Qc4 d2 50. Qd3 Ka7 51. Qxd2 Rh5 52. f3 Bxf3 53. Qd7+ Bb7 54. h7 g5 55. Qg7 g4 56. h8Q Rxh8 57. Qxh8 g3 58. Qd4 g2 59. Kf2 Bc6 60. Qc4 Bb7 61. Qb5 Bf3 62. Qb1 Bc6 63. Qg6 Bb7 64. Ke3 Ka6 65. Kd4 Kb5 66. Qd3+ Kc6 67. Qc4+ Kd6 68. Qg8 Bf3 69. Qg3+ Ke6 70. Qg6+ Kd7 71. Ke5 Kc7 72. Qg3 Kd7 73. Qf2 b5 74. Qa7+ Kc6 75. Qa6+ Kc5 76. Qd6+ Kc4 77. Qd4+ Kb3 78. Qe3+ Kc4 79. Qf4+ Kc5 80. Qc1+ Kb6 81. Kd6 a4 82. Qe3+ Ka6 83. Kc5 Be4 84. Qh6+ Ka7 85. Qb6+ Ka8 86. Qa6+ Kb8 87. Qxb5+ Bb7 88. Qe8+ Bc8 89. Qe5+ Ka7 90. Qg7+ Bb7 91. Kb4 1-0

[Event "Las Vegas National op"]
[Site "Las Vegas"]
[Date "2013.06.07"]
[Round "2"]
[White "Adithya, B."]
[Black "Ehlvest, Jaan"]
[Result "1/2-1/2"]
[WhiteElo "2298"]
[BlackElo "2621"]
[PlyCount "43"]
[EventDate "2013.06.07"]
[EventType "swiss"]
[EventRounds "6"]
[EventCountry "USA"]
[SourceTitle "CBM 154 Extra"]
[Source "ChessBase"]
[SourceDate "2013.06.25"]
[SourceVersion "2"]
[SourceVersionDate "2013.06.25"]
[SourceQuality "1"]

1. g3 d5 2. Bg2 c6 3. c4 Nf6 4. Nf3 dxc4 5. a4 g6 6. Na3 Bg7 7. Nxc4 0-0 8. 0-0 Be6 9. d3 Nd5 10. Bd2 c5 11. Ng5 Bc8 12. Ne4 Na6 13. Qb3 h6 14. Ncd6 Be6 15. Qxb7 Ndb4 16. Bxb4 Nxb4 17. Nb5 a6 18. Nc7 Rb8 19. Nxe6 fxe6 20. Qa7 Bd4 21. e3 Ra8 22. Qb7 1/2-1/2

[Event "Commonwealth-ch"]
[Site "Mumbai"]
[Date "2004.01.15"]
[Round "6"]
[White "Palit, Somak"]
[Black "Adithya, B."]
[Result "1-0"]
[WhiteElo "2348"]
[BlackElo "2040"]
[PlyCount "51"]
[EventDate "2004.01.10"]
[EventType "swiss"]
[EventRounds "9"]
[EventCountry "IND"]
[SourceTitle "EXT 2006"]
[Source "ChessBase"]
[SourceDate "2005.11.24"]
[SourceVersion "1"]
[SourceVersionDate "2005.11.24"]
[SourceQuality "1"]

1. e4 c5 2. Nf3 Nc6 3. Bb5 g6 4. Bxc6 dxc6 5. d3 Bg7 6. Nc3 e5 7. Be3 Qe7 8. h3 Nf6 9. Qd2 Nd7 10. Bh6 0-0 11. Bxg7 Kxg7 12. 0-0 f6 13. Ne2 Rd8 14. Nh2 Nf8 15. f4 exf4 16. Rxf4 Ne6 17. Rf2 c4 18. Raf1 cxd3 19. cxd3 Nc5 20. Rxf6 Rxd3 21. Qg5 Rd7 22. Ng4 Ne6 23. Qh6+ Kg8 24. Rxe6 Qc5+ 25. Kh1 Re7 26. Rf8# 1-0